000 00510nam a2200193 a 4500
001 23785
003 CO-ViMGA
008 141112s2004 ck r 000 u spa d
020 _a9706417354
040 _aCO-ViMGA
_bspa
_cCO-ViMGA
082 0 4 _aBARs
100 1 _aBarthe, Raquel M.
_934413
245 1 0 _aEl secreto de rigoberta /
_cRaquel M.Barthe
260 _aMéxico :
_beditorial progreso S.A
300 _a81p.
490 _aRehilete
650 1 4 _aCUENTOS INFANTILES ARGENTINOS
_916313
942 _2ddc
_cBK
999 _c31868
_d31868